[Event "TCh-CZE Extraliga 2005-6"]
[Site "Czech Rep CZE"]
[Date "2006.03.25"]
[Round "10"]
[White "Smistik,M"]
[Black "Neuman,P"]
[Result "1/2-1/2"]
[WhiteElo "2379"]
[BlackElo "2414"]

1.e4 d6 2.d4 Nf6 3.Nc3 e5 4.dxe5 dxe5 5.Qxd8+ Kxd8 6.Bc4 Be6 7.Bxe6 fxe6
8.Bg5 Bd6 9.O-O-O Ke7 10.Nge2 h6 11.Bh4 a6 12.h3 Nc6 13.g4 g5 14.Bg3 Raf8
15.f3 Nh7 16.Rdf1 Rf6 17.Nb1 Ke8 18.Nd2 Ne7 19.h4 Ng6 20.h5 Ne7 21.Ng1 Nc6
22.Nc4 Ke7 23.Rh2 b5 24.Nxd6 cxd6 25.Rd2 Rd8 26.Rfd1 Rff8 27.Bf2 Nf6 28.Bb6 Rd7
29.Rd3 Rb8 30.Be3 Rc8 31.a3 Na5 32.b3 Rc6 33.Bd2 Nb7 34.Rc3 Rdc7 35.Rxc6 Rxc6
36.Ne2 Nc5 37.Kb2 Nfd7 38.Nc1 Rc8 39.Nd3 Rf8 40.Ne1 Nb8 41.Be3 Nb7 42.Rd3 Nc6
43.Kc3 Rc8 44.Kd2 Rd8 45.Bb6 Rc8 46.Ng2 Nb8 47.Rc3 Rxc3 48.Kxc3 Kd7 49.Bf2 Nc6
50.b4 d5 51.exd5 exd5 52.Kd3 Nd6 53.Bc5 Nc4 54.Bf8 Nd8 55.Bxh6 Ne6 56.Bg7 Ke7
57.Bh8 Kf7 58.c3 Kg8 59.Bf6 Kf7 60.Bh8 Kg8 61.Bf6  1/2-1/2

[Event "TCh-AUT 2005-6"]
[Site "Austria AUT"]
[Date "2006.03.26"]
[Round "11"]
[White "Zsifkovits,R"]
[Black "Poetz,F"]
[Result "1-0"]
[WhiteElo "2224"]
[BlackElo "2103"]

1.e4 d6 2.d4 Nf6 3.Nc3 c6 4.h3 b5 5.Bd3 g6 6.Be3 Bg7 7.Qd2 Nbd7 8.Bh6 Bxh6
9.Qxh6 Qa5 10.Nf3 Bb7 11.O-O e5 12.a3 Qb6 13.dxe5 dxe5 14.b4 a6 15.Rfe1 c5
16.Nd5 Qd6 17.bxc5 Qxc5 18.Qg7 Bxd5 19.Qxh8+ Ke7 20.Qg7 Bc4 21.Qh6 Rc8 22.Qd2 Nh5
23.Qb4 Ke8 24.Rad1 Nf4 25.Bxc4 Qxc4 26.Qxc4 Rxc4 27.Rxd7  1-0

[Event "ch-LTU"]
[Site "Vilnius LTU"]
[Date "2006.03.26"]
[Round "11"]
[White "Dambrauskas,V"]
[Black "Zagorskis,D"]
[Result "0-1"]
[WhiteElo "2361"]
[BlackElo "2489"]

1.d4 d6 2.e4 Nf6 3.Nc3 e5 4.f4 exd4 5.Qxd4 Nc6 6.Bb5 Be7 7.Be3 O-O 8.Bxc6 bxc6
9.O-O-O Bb7 10.Nf3 Re8 11.Ng5 h6 12.h4 Bf8 13.Rde1 Qd7 14.Qd1 c5 15.Bd2 Qg4
16.e5 Qxd1+ 17.Nxd1 dxe5 18.fxe5 Ng4 19.Nf3 Bxf3 20.gxf3 Nxe5 21.Re3 Nc4
22.Rxe8 Rxe8 23.Re1 Rxe1 24.Bxe1 h5 25.b3 Ne5 26.f4 Nf3 27.Bf2 Be7 28.Kb2 Nxh4
29.Kc3 Ng2 30.f5 h4 31.Kc4 h3 32.Bxc5 Bh4  0-1

[Event "VIII Rector Cup"]
[Site "Kharkiv UKR"]
[Date "2006.03.30"]
[Round "3"]
[White "Aveskulov,V"]
[Black "Ivanov,AA"]
[Result "1/2-1/2"]
[WhiteElo "2504"]
[BlackElo "2426"]

1.e4 d6 2.d4 Nf6 3.Nc3 c6 4.Be3 e5 5.Nf3 Qc7 6.a4 Be7 7.Be2 O-O 8.O-O Re8
9.Re1 Nbd7 10.Bf1 Nf8 11.g3 Ng6 12.Bg2 h6 13.h3 Nh7 14.a5 Ng5 15.Kh2 Nxf3+
16.Qxf3 Bg5 17.d5 Bd7 18.Bxg5 hxg5 19.Qh5 Qd8 20.a6 b6 21.dxc6 Bxc6 22.Re3 Nf8
23.Rd1 Re6 24.Qe2 Rh6 25.Red3 Qe7 26.Nd5 Bxd5 27.Rxd5 Rc8 28.c3 Rc6 29.Qg4 Nd7
30.R5d2 Nc5 31.Bf1 Nb3 32.Rd5 Rc7 33.Kg2 Nc5 34.Kg1 Nd7 35.R5d3 Nc5 36.R3d2 Nd7
37.Qe2 Nf8 38.Rd5 Rd7 39.Qd2 Rd8 40.b4 Rd7 41.Qd3 Rd8 42.Rd2 Qe6 43.c4 g4
44.h4 Qf6 45.c5 bxc5 46.bxc5 Ne6 47.Rxd6 Rc8 48.Qe3 Qf3 49.Be2 Qxe3 50.fxe3 Nxc5
51.Bxg4 Rxd6 52.Rxd6 Nxe4 53.Rd1 Rb8 54.Kg2 g6 55.Rd7 Rb2+ 56.Kg1 Nf6 57.Rd8+ Kg7
58.Bf3 e4 59.Bd1 Ra2 60.Rd6 Ne8 61.Rd8 Nf6 62.Rd6 Ne8 63.Rd8 Nc7 64.Rd7 Ne6
65.Bb3 Rxa6 66.Bxe6 Rxe6 67.Rxa7 Rb6 68.Re7 Rb4 69.g4 Kf8 70.Re5 f6  1/2-1/2

[Event "VIII Rector Cup w"]
[Site "Kharkiv UKR"]
[Date "2006.03.30"]
[Round "3"]
[White "Voicu,C"]
[Black "Kirillova,V"]
[Result "1-0"]
[WhiteElo "2254"]
[BlackElo "2236"]

1.e4 d6 2.d4 Nf6 3.Nc3 e5 4.Nf3 Nbd7 5.g4 Nxg4 6.Rg1 Ngf6 7.Bc4 h6 8.Be3 c6
9.dxe5 dxe5 10.Qd3 b5 11.Bxf7+ Kxf7 12.Nxe5+ Kg8 13.Ng6 Qe8 14.f4 Nc5 15.Bxc5 Bxc5
16.Rg2 Rh7 17.e5 Bg4 18.Ne4 Nxe4 19.Rxg4 Nf2 20.Qb3+ Qf7 21.Rg2 Qxb3 22.axb3 Kf7
23.f5 Ne4 24.Rd1 Ke8 25.h4 h5 26.Ke2 Be7 27.b4 Bxb4 28.Rd4 Nc3+ 29.bxc3 Bxc3
30.Rd6 c5 31.Rg3 b4 32.Rgd3 Bd4 33.Ra6 Rh6 34.Kf3 Kf7 35.Ke4 Kg8 36.e6 Kh7
37.e7 Kg8 38.Rxa7 Re8 39.Rd7 Kf7 40.Kd5 Kf6 41.Rf3 Kf7 42.Rf1 Kf6 43.Rf3 Kf7
44.Rd8 Rh7 45.Rxe8 Kxe8 46.Rf1 Rh6 47.Re1 Rh7 48.Re6 Rh6 49.Kc4 Bg1 50.Ra6 Rxg6
51.Rxg6 Bd4 52.Re6 Bf2 53.Re4 Bd4 54.Kd5 Bf6 55.Kxc5 Bxe7+ 56.Kb5 Kf7 57.Rxe7+ Kxe7
58.Kxb4 Kf6 59.c4 Kxf5 60.c5 Ke6 61.Kb5 Kd7 62.Kb6  1-0

[Event "VIII Rector Cup"]
[Site "Kharkiv UKR"]
[Date "2006.03.30"]
[Round "4"]
[White "Gasanov,E"]
[Black "Zubarev,Al1"]
[Result "1/2-1/2"]
[WhiteElo "2414"]
[BlackElo "2508"]

1.d4 d6 2.e4 Nf6 3.Nc3 e5 4.Nf3 Nbd7 5.g3 Be7 6.Bg2 O-O 7.O-O c6 8.a4 b6
9.h3 Bb7 10.Be3 a6 11.Nd2 Re8 12.g4 g6 13.f4 b5 14.dxe5 dxe5 15.f5 b4 16.Ne2 Bc5
17.Bxc5 Nxc5 18.a5 Qe7 19.Ng3 Rad8 20.Qe2 Kh8 21.Qe3 Rg8 22.Nf3 Bc8 23.Rad1 gxf5
24.exf5 Ncd7 25.Rfe1 Nd5 26.Qa7 Rde8 27.Ne4 f6 28.c4 bxc3 29.bxc3 h5 30.Nh4 hxg4
31.Ng6+ Rxg6 32.fxg6 f5 33.g7+ Qxg7 34.Nd6 gxh3 35.Rd2 Rg8 36.Nxc8 Qh6 37.Ree2 Nf4
38.Qxd7 Nxe2+ 39.Rxe2 Qc1+ 40.Kh2 Qf4+ 41.Kg1 Qc1+ 42.Kh2 Qf4+ 43.Kg1 Qc1+
44.Kh2  1/2-1/2

[Event "VIII Rector Cup"]
[Site "Kharkiv UKR"]
[Date "2006.03.31"]
[Round "5"]
[White "Golubev,M"]
[Black "Ivanov,AA"]
[Result "1-0"]
[WhiteElo "2499"]
[BlackElo "2426"]

1.e4 d6 2.d4 Nf6 3.Nc3 c6 4.f4 Qa5 5.Bd3 e5 6.Nf3 Bg4 7.Be3 Qb6 8.Qd2 exf4
9.Bxf4 Bxf3 10.gxf3 Qxd4 11.Nb5 Qxb2 12.Nc7+ Kd7 13.Nxa8 Qxa1+ 14.Kf2 Qd4+
15.Be3 Qa4 16.Rb1 Kc8 17.Qc3 Nfd7 18.Bb5 Qxa2 19.Ra1 Qe6 20.Qa5 b6 21.Qxa7 Kd8
22.Qc7+ Ke7 23.Nxb6 Qe5 24.Bxc6 Qxh2+ 25.Ke1 Qh1+ 26.Ke2 Qxa1 27.Bxd7 Kf6
28.Qd8+  1-0

[Event "TCh-FRA Top 16 Gp B"]
[Site "Gonfreville FRA"]
[Date "2006.04.01"]
[Round "6"]
[White "Renet,O"]
[Black "Mensch,E"]
[Result "1-0"]
[WhiteElo "2494"]
[BlackElo "2336"]

1.e4 d6 2.d4 Nf6 3.Nc3 Nbd7 4.Nf3 e5 5.Bc4 Be7 6.O-O O-O 7.Re1 c6 8.a4 b6
9.b3 a6 10.Bb2 Rb8 11.Bd3 Qc7 12.Ne2 Re8 13.Ng3 b5 14.Qd2 c5 15.axb5 axb5
16.c3 c4 17.Bc2 Nf8 18.h3 Ne6 19.Ba3 Bf8 20.Bb4 h6 21.Ba5 Qe7 22.bxc4 bxc4
23.Ba4 Nf4 24.Bxe8 Qxe8 25.dxe5 dxe5 26.Bc7 Rb3 27.Qd8 Qxd8 28.Bxd8 Nd3 29.Re2 Be6
30.Bxf6 gxf6 31.Ra8 Rb1+ 32.Kh2 Rc1 33.Nh5 Rxc3 34.Re3 Ra3 35.Rd8 Ra2 36.Nh4 Nf4
37.Rg3+ Ng6 38.Nxg6 fxg6 39.Rxg6+ Kf7 40.Rxf6+ Ke7 41.Rfxf8 c3 42.Rde8+ Kd7
43.Nf6+ Kc7 44.Nd5+ Bxd5 45.exd5 c2 46.d6+  1-0

[Event "TCh-FRA Top 16 Gp B"]
[Site "Gonfreville FRA"]
[Date "2006.04.01"]
[Round "6"]
[White "Nikolaidis,I"]
[Black "Gallagher,Jo"]
[Result "1-0"]
[WhiteElo "2525"]
[BlackElo "2531"]

1.d4 d6 2.e4 Nf6 3.Nc3 e5 4.Nf3 Nbd7 5.Bc4 Be7 6.a4 c6 7.O-O O-O 8.Re1 Qc7
9.b3 b6 10.d5 Bb7 11.Ba3 a6 12.dxc6 Bxc6 13.Nd5 Nxd5 14.Bxd5 b5 15.c4 bxa4
16.bxa4 Rab8 17.a5 Rfc8 18.h3 h6 19.Qd2 Rb7 20.Red1 Qb8 21.Qa2 Bxd5 22.cxd5 Nc5
23.Qe2 Nb3 24.Ra2 Qa7 25.Rc2 Rbc7 26.Rxc7 Rxc7 27.Qa2 Bg5  1-0

[Event "TCh-FRA Top 16 Gp A"]
[Site "Montpellier FRA"]
[Date "2006.04.01"]
[Round "6"]
[White "Clement,O"]
[Black "Zharkov,H"]
[Result "1-0"]
[WhiteElo "2113"]
[BlackElo "2235"]

1.e4 d6 2.d4 Nf6 3.Nc3 e5 4.Nf3 Nbd7 5.Bc4 Be7 6.O-O O-O 7.Bg5 c6 8.dxe5 dxe5
9.a4 a5 10.Qe2 Qc7 11.Rad1 Nc5 12.h3 Nh5 13.Be3 Ne6 14.Nd2 Nhf4 15.Qf3 Ng5
16.Qg3 Be6 17.Rfe1 h6 18.h4 Nh5 19.Qh2 Nh7 20.Bxe6 fxe6 21.Nc4 Bf6 22.Bc5 Rfd8
23.Bd6 Qf7 24.Nxe5 Bxe5 25.Qxe5 N5f6 26.Qf4 Qh5 27.Rd3 Nf8 28.g3 Ng6 29.Qe3 Rd7
30.Red1 Rf7 31.f4 Ng4 32.Qf3 Kh7 33.Rf1 Rd8 34.f5 exf5 35.exf5 N6e5 36.Bxe5 Rxd3
37.cxd3 Re7 38.d4 c5 39.Nd5  1-0

[Event "FSIM April"]
[Site "Budapest HUN"]
[Date "2006.04.02"]
[Round "2"]
[White "Sebestyen,Ba"]
[Black "Solomons,D"]
[Result "1/2-1/2"]
[WhiteElo "2321"]
[BlackElo "2226"]

1.d4 Nf6 2.Nc3 d6 3.e4 e5 4.dxe5 dxe5 5.Qxd8+ Kxd8 6.Bc4 Be6 7.Bxe6 fxe6
8.Be3 Bd6 9.f3 Ke7 10.Nge2 Nc6 11.O-O-O Rad8 12.Rd2 Bb4 13.Rxd8 Rxd8 14.Rd1 a6
15.Rxd8 Kxd8 16.Nd1 Na5  1/2-1/2

[Event "VIII Rector Cup"]
[Site "Kharkiv UKR"]
[Date "2006.04.02"]
[Round "7"]
[White "Zubarev,Al1"]
[Black "Ivanov,AA"]
[Result "1-0"]
[WhiteElo "2508"]
[BlackElo "2426"]

1.e4 d6 2.d4 Nf6 3.Nc3 c6 4.Nf3 Qa5 5.Bd2 Nbd7 6.Bc4 Qc7 7.a4 h6 8.O-O e5
9.h3 Be7 10.Qe2 a5 11.Rad1 Nf8 12.dxe5 dxe5 13.Nh4 Ne6 14.Nf5 O-O 15.Be3 Kh7
16.Qf3 Ng8 17.Nxe7 Nxe7 18.Rd2 Ng6 19.Rfd1 Qe7 20.Kh2 Nef4 21.g3 Ne6 22.Qe2 Re8
23.Qh5 Rf8 24.Rf1 Qb4 25.Bb3 Nd4 26.Na2 Qe7 27.Bxd4 exd4 28.Rxd4 Be6 29.Bxe6 fxe6
30.Nc1 e5 31.Rd2 Qb4 32.Qe2 Qxb2 33.Nd3 Qa3 34.f4 exf4 35.gxf4 Rae8 36.Qg2 Qe7
37.Re2 c5 38.f5 Ne5 39.Nf4 Rf7 40.Rg1 Qh4 41.Nd5 Kh8 42.Rf2 Nc6 43.Rf4 Qd8
44.Rg4 Rg8 45.Qg3 Qb8 46.Nf4 Ne5 47.Rh4 Qd8 48.Kh1 Qb8 49.Ne6 Nd7 50.Qg5 Re8
51.Nxg7 Rf6 52.Nxe8  1-0

[Event "VIII Rector Cup w"]
[Site "Kharkiv UKR"]
[Date "2006.04.03"]
[Round "7"]
[White "Skogvall,M"]
[Black "Kirillova,V"]
[Result "1-0"]
[WhiteElo "2100"]
[BlackElo "2236"]

1.e4 d6 2.d4 Nf6 3.Nc3 e5 4.f4 Nbd7 5.Nf3 exd4 6.Qxd4 c6 7.Be3 Qa5 8.O-O-O b5
9.e5 dxe5 10.fxe5 Bc5 11.Qf4 Nh5 12.Qe4 Qb6 13.Bd2 O-O 14.g4 f5 15.gxf5 Nb8
16.Nh4 Bf2 17.Bh3 Qd8 18.Nf3 Qe8 19.Rdf1 Bb6 20.Ng5 b4 21.Nd1 Ba6 22.f6 Nxf6
23.Rxf6 g6 24.Be6+ Kg7 25.Bf7  1-0

[Event "VIII Rector Cup w"]
[Site "Kharkiv UKR"]
[Date "2006.04.03"]
[Round "7"]
[White "Maiko,J"]
[Black "Arutyunova,D"]
[Result "0-1"]
[WhiteElo "2214"]
[BlackElo "2326"]

1.e4 d6 2.d4 Nf6 3.Nc3 c6 4.Nf3 Qa5 5.Bd3 e5 6.h3 Nbd7 7.O-O Be7 8.dxe5 dxe5
9.a3 Qc7 10.Qe2 Nc5 11.Bc4 O-O 12.b4 Ne6 13.Be3 b5 14.Bd3 a6 15.Nh4 g6 16.Nf3 Bb7
17.Ng5 Nd4 18.Qd1 c5 19.bxc5 Bxc5 20.Ne2 h6 21.Nf3 Nxf3+ 22.gxf3 Bxe3 23.fxe3 Qb6
24.Qd2 Bc8 25.Kh2 Nh7 26.f4 Nf6 27.Ng3 Kh7 28.Rf3 Ra7 29.Raf1 Re7 30.Qc3 Bb7
31.fxe5 Nd7 32.Qd4 Qe6 33.Qd6 Qxe5 34.Qd4 h5 35.Rf4 Kg8 36.c4 Nc5 37.Qxe5 Rxe5
38.Be2 Ne6 39.Rf6 h4 40.Nh1 Bxe4 41.cxb5 axb5 42.Nf2 Bf5 43.e4 Kg7 44.Ng4 Bxg4
45.hxg4 Ng5 46.R6f4 Ra8 47.Rb1 Ne6 48.Rf2 Nd4 49.Rbf1 Nxe2 50.Rxe2 Rxa3 51.Ref2 Rxe4
52.Rxf7+ Kh6 53.Rb7 Re2+ 54.Kh1 Rh3+ 55.Kg1 Rhh2 56.g5+ Kh5 57.Rf8 Reg2+
58.Kf1 h3 59.Ke1 Rb2  0-1

[Event "7th ch-Euro w"]
[Site "Kusadasi TUR"]
[Date "2006.04.04"]
[Round "1"]
[White "Djingarova,E"]
[Black "Cherednichenko,E"]
[Result "1/2-1/2"]
[WhiteElo "2346"]
[BlackElo "2000"]

1.e4 d6 2.d4 Nf6 3.Nc3 e5 4.Nf3 Nbd7 5.Bc4 Be7 6.O-O O-O 7.Re1 c6 8.a4 b6
9.h3 Bb7 10.d5 cxd5 11.Nxd5 Rc8 12.Nxf6+ Nxf6 13.Bd3 Nd7 14.c4 Nc5 15.Bb1 Qc7
16.b3 Rcd8 17.Ra2 Bc8 18.Rae2 f5 19.exf5 Bxf5 20.Bxf5 Rxf5 21.Qd5+ Rf7 22.Nd4 Qb7
23.Qxb7 Nxb7 24.Nc6 Ra8 25.Nxe7+ Rxe7 26.Ba3 Nc5 27.Re3 Rf7 28.Rd1 Rf6 29.a5 Rc8
30.axb6 axb6 31.Bxc5 bxc5 32.Ra1 Rc6 33.Kf1 Rb6 34.Ke2 Rf8 35.Ra7 Rf7 36.Ra8+ Rf8
37.Ra7 Rf7 38.Ra8+ Rf8 39.Ra7 Rf7  1/2-1/2

[Event "VIII Rector Cup w"]
[Site "Kharkiv UKR"]
[Date "2006.04.05"]
[Round "9"]
[White "Levushkina,E"]
[Black "Kirillova,V"]
[Result "1-0"]
[WhiteElo "2290"]
[BlackElo "2236"]

1.e4 d6 2.d4 Nf6 3.Nc3 e5 4.Nf3 Nbd7 5.Bc4 Be7 6.O-O O-O 7.Re1 c6 8.a4 b6
9.d5 Bb7 10.dxc6 Bxc6 11.Bg5 a6 12.Bxf6 Nxf6 13.Nd5 Ra7 14.Nxf6+ Bxf6 15.Qd3 Bb7
16.Rad1 Qc7 17.Re2 Be7 18.Bd5 Bc8 19.Qb3 Qc5 20.Re3 Qa5 21.Qa2 b5 22.Ra3 b4
23.Rad3 Bd7 24.Bb3 Bc6 25.Nd2 Qc5 26.c3 Kh8 27.cxb4 Qxb4 28.Rc3 Bd7 29.Nc4 Be6
30.Qa3 Rb7 31.Qxb4 Rxb4 32.Nd2 Bxb3 33.Rxb3 Rxa4 34.Rb7 Re8 35.b4 a5 36.bxa5 Rxa5
37.Nc4 Rc5 38.Ne3 Kg8 39.Nf5 Bf8 40.Rd7 Re6 41.g3 Rc6 42.Rb1 g6 43.Ne3 Bh6
44.Rb8+ Kg7 45.Nd5 Rc1+ 46.Kg2 Re1 47.Rbb7 Rxe4 48.Rxf7+ Kg8 49.Nf6+ Rxf6
50.Rxf6 Rd4 51.Re6 Kf8 52.Rxh7 Bd2 53.Rxg6 Bb4 54.Rgg7 Rc4 55.Rb7  1-0

[Event "7th ch-Euro"]
[Site "Kusadasi TUR"]
[Date "2006.04.07"]
[Round "4"]
[White "Duman,A"]
[Black "Yagiz,Y"]
[Result "1-0"]
[WhiteElo "2214"]
[BlackElo "2209"]

1.e4 d6 2.d4 Nf6 3.Nc3 Nbd7 4.Nf3 e5 5.Bc4 Be7 6.O-O O-O 7.Qe2 c6 8.a4 a5
9.Rd1 Qc7 10.Ba2 h6 11.dxe5 dxe5 12.Nh4 Nc5 13.Ng6 Re8 14.Be3 Ne6 15.Nxe7+ Qxe7
16.Rd2 Nf4 17.Bxf4 exf4 18.Rad1 Ng4 19.Qf3 g5 20.Rd6 Kg7 21.Qd3 Ne5 22.Qd4 Kh7
23.f3 Rg8 24.Rd8 Rg6 25.Ne2 Qf6 26.Qd6 Qxd6 27.R1xd6 Rxd6 28.Rxd6 Ra6 29.Rd8 Bd7
30.Bxf7 Kg7 31.Bb3 c5 32.Nc3 Rd6 33.Bd5 Kf6 34.Ra8 g4 35.Kf2 gxf3 36.gxf3 Rb6
37.b3 c4 38.Ne2 Ke7 39.Nxf4  1-0

[Event "7th ch-Euro w"]
[Site "Kusadasi TUR"]
[Date "2006.04.07"]
[Round "4"]
[White "Isgandarova,K"]
[Black "Cherednichenko,S"]
[Result "0-1"]
[WhiteElo "2058"]
[BlackElo "2196"]

1.e4 d6 2.d4 Nf6 3.Nc3 e5 4.dxe5 dxe5 5.Qxd8+ Kxd8 6.Bc4 Be6 7.Bxe6 fxe6
8.Be3 Bb4 9.O-O-O+ Nbd7 10.Nge2 Ke7 11.f3 a6 12.g4 Rhf8 13.Bg5 h6 14.Bh4 g5
15.Bg3 Bc5 16.Rd3 Bd6 17.h4 Kf7 18.Ng1 Kg6 19.Nh3 Rf7 20.Kd1 Raf8 21.Ke2 Nc5
22.Rdd1 b5 23.a3 Nb7 24.Rh2 Na5 25.Rdh1 Nc6 26.Ng1 Nd4+ 27.Kd2 Ng8 28.hxg5 hxg5
29.Nce2 Nxf3+ 30.Nxf3 Rxf3 31.Rh7 Rf1 32.R1h2 Rd8 33.Nc3 Rg1 34.R2h3 Bxa3+
35.Ke2 Bd6 36.Nd1 a5 37.Nf2 Nf6 38.Kf3 Rf8 39.Ke2 a4  0-1

[Event "7th ch-Euro w"]
[Site "Kusadasi TUR"]
[Date "2006.04.09"]
[Round "6"]
[White "Gaponenko,I"]
[Black "Zielinska,Mar"]
[Result "1/2-1/2"]
[WhiteElo "2437"]
[BlackElo "2398"]

1.e4 d6 2.d4 Nf6 3.Nc3 c6 4.f4 Qa5 5.e5 Ne4 6.Nf3 Bg4 7.Be2 e6 8.O-O Nxc3
9.bxc3 d5 10.Bd2 Qa4 11.Qb1 b6 12.Qb3 Qa3 13.c4 dxc4 14.Bxc4 Bf5 15.Nh4 Qxb3
16.Bxb3 g6 17.Nxf5 gxf5 18.c4 Nd7 19.Ba4 O-O-O 20.Bxc6 Nb8 21.Bf3 Rxd4 22.Be3 Rd3
23.Kf2  1/2-1/2

[Event "32nd ch-IND w"]
[Site "Visakhapatnam IND"]
[Date "2006.04.09"]
[Round "8"]
[White "Iswarya,S"]
[Black "Vijayalakshmi,S"]
[Result "0-1"]
[WhiteElo "2150"]
[BlackElo "2479"]

1.e4 d6 2.d4 Nf6 3.Nc3 e5 4.dxe5 dxe5 5.Qxd8+ Kxd8 6.Bc4 Ke8 7.Bg5 Bb4 8.O-O-O c6
9.Nge2 Nbd7 10.f3 b5 11.Bb3 Nc5 12.a3 Nxb3+ 13.cxb3 Be7 14.Bxf6 Bxf6 15.Kc2 Be6
16.Nc1 Be7 17.b4 f6 18.Nb3 Kf7 19.Rd2 Rhd8 20.Rhd1 Rxd2+ 21.Rxd2 g5 22.g4 h5
23.h3 Rh8 24.Rf2 Bd8 25.Nc5 Bb6 26.b3 a5 27.Nb1 Ke7 28.Rd2 hxg4 29.hxg4 Rh1
30.Nxe6 Kxe6 31.bxa5 Bxa5 32.b4 Bb6 33.Rd1 Rh2+ 34.Rd2 Rh8 35.Rd3 Bd4 36.Rd2 Be3
37.Rd3 Rh2+ 38.Nd2 Bd4 39.Rb3 Kd6 40.Rd3 c5 41.bxc5+ Kxc5 42.Rb3 Kc6 43.Rd3 Kb6
44.Kb3 Ka5 45.Kc2 Ka4 46.Kc1 Rh8 47.Kc2 Rc8+ 48.Kb1 Bc3 49.Kc2 Bd4+ 50.Kb1 Rc3
51.Rxc3 Bxc3 52.Nf1 Kxa3 53.Ne3 Ba5 54.Kc2 Bd8 55.Nd5 b4 56.Ne3 Ka2 57.Nc4 b3+
58.Kc3 Ba5+ 59.Kd3 Bb4  0-1

[Event "7th ch-Euro w"]
[Site "Kusadasi TUR"]
[Date "2006.04.10"]
[Round "7"]
[White "Sebag,M"]
[Black "Bashkite,V"]
[Result "1-0"]
[WhiteElo "2415"]
[BlackElo "2217"]

1.e4 d6 2.d4 Nf6 3.Nc3 c6 4.g3 Qa5 5.Bg2 e5 6.Ne2 b5 7.O-O b4 8.Nb1 Ba6 9.Re1 Be7
10.h3 O-O 11.g4 Bxe2 12.Rxe2 Na6 13.Nd2 Qb5 14.Nf1 Nc7 15.Ng3 Ne6 16.Nf5 Rfe8
17.d5 cxd5 18.exd5 Nc5 19.Bg5 Ncd7 20.Qd2 Bf8 21.Rae1 Rac8 22.Bh4 Rc5 23.Qg5 Kh8
24.f4 Nxd5 25.fxe5 dxe5 26.Bg3 N5f6 27.Qd2 Nb6 28.Nd6 Bxd6 29.Qxd6 Nc4 30.Qd3 Qa5
31.b3 Rd8 32.Qf3 e4 33.Qf2 Ne5 34.g5 Nf3+ 35.Bxf3 exf3 36.Re5 Nd7 37.Re8+ Nf8
38.Rxd8  1-0

[Event "7th ch-Euro w"]
[Site "Kusadasi TUR"]
[Date "2006.04.10"]
[Round "7"]
[White "Van Weersel,A"]
[Black "Cherednichenko,E"]
[Result "1-0"]
[WhiteElo "2169"]
[BlackElo "2000"]

1.e4 d6 2.d4 Nf6 3.Nc3 e5 4.Nf3 Nbd7 5.Bc4 Be7 6.O-O O-O 7.Re1 c6 8.a4 a5
9.b3 b6 10.d5 c5 11.Nd2 h6 12.Bd3 Re8 13.Nc4 Nf8 14.h3 Ng6 15.Kh2 Ba6 16.Ne3 Bc8
17.g3 Nh7 18.Nc4 Ba6 19.Nb2 Bc8 20.Qe2 Bg5 21.Bxg5 Nxg5 22.h4 Nh7 23.Rh1 Rf8
24.Nc4 Nf6 25.Nb5 Ne8 26.h5 Nh8 27.Ne3 Nc7 28.Na3 Ne8 29.Raf1 f6 30.f4 Nf7
31.Ng2 Nc7 32.Nc4 Rb8 33.Nce3 Re8 34.Qf3 Ra8 35.Nh4 Kh7 36.Nhf5 Bxf5 37.Nxf5 Nh8
38.Qg4 Rg8 39.Nh4 Re8 40.fxe5 dxe5 41.Nf5 Rg8 42.d6 Ne8 43.Bc4 Rf8 44.Rd1 Ra7
45.Bb5 Raf7 46.Rd3 c4 47.Bxc4 Rd7 48.Rhd1 Nf7 49.Be6 Rxd6 50.Qg6+ Kh8 51.Bxf7 Rxd3
52.Rxd3 Qc7 53.Bxe8 Qxc2+ 54.Kh3 Rg8 55.Bb5 Qc1 56.Nd6 Rf8 57.Nf7+ Kg8 58.Nxh6+ Kh8
59.Nf7+ Kg8 60.Bc4 Rxf7 61.Qxf7+ Kh7 62.Qg6+ Kh8 63.Rd8+  1-0

[Event "XXIX Open"]
[Site "Donostia San Sebastian ESP"]
[Date "2006.04.11"]
[Round "5"]
[White "Sola,R"]
[Black "Cifuentes Parada,R"]
[Result "0-1"]
[WhiteElo "2337"]
[BlackElo "2494"]

1.e4 d6 2.d4 Nf6 3.Nc3 e5 4.dxe5 dxe5 5.Qxd8+ Kxd8 6.Nf3 Bd6 7.Bc4 Be6 8.Bxe6 fxe6
9.Be3 Ke7 10.O-O-O Nbd7 11.Nd2 a6 12.f3 b5 13.Ne2 Rhd8 14.g4 Bc5 15.Nf1 Rf8
16.Neg3 Rf7 17.g5 Bxe3+ 18.Nxe3 Ne8 19.Ng4 Nd6 20.Rd3 Rd8 21.Rf1 Rf4 22.h3 b4
23.Nh5 Rxe4 24.Nxg7 Re2 25.Nh5 e4 26.Rdd1 exf3 27.Nhf6 Nxf6 28.gxf6+ Kf7
29.Rxf3 h5 30.Ne3 Rg8 31.b3 Rg6 32.Nc4 Nf5 33.Rd7+ Kxf6 34.Rxc7 Rgg2 35.Nd6 Rg1+
36.Kb2 Ree1 37.Rf7+  0-1

[Event "7th ch-Euro w"]
[Site "Kusadasi TUR"]
[Date "2006.04.12"]
[Round "8"]
[White "Agrest,I"]
[Black "Shukurova,M"]
[Result "0-1"]
[WhiteElo "2030"]
[BlackElo "2207"]

1.e4 d6 2.d4 Nf6 3.Nc3 e5 4.Nf3 Nbd7 5.Bc4 Be7 6.O-O O-O 7.h3 c6 8.a4 Nxe4
9.Nxe4 d5 10.Bb3 dxe4 11.Nxe5 Bd6 12.f4 Nf6 13.g4 Qe7 14.g5 Nd5 15.Ng4 e3
16.Rf3 Nxf4 17.Bxe3 Qxg5 18.Bxf4 Bxf4 19.Kf2 Bxg4 20.hxg4 Qh4+ 21.Kf1 Qxg4
22.Qe2 g5 23.Qd3 Kg7 24.c3 Rae8 25.Bc2 f5 26.Rh3 Bc7 27.Kf2 Qf4+ 28.Kg1 g4
29.Rf1 Qg5 30.Rh1 Kg6 31.Rxf5 Rxf5 32.Qxf5+ Qxf5 33.Bxf5+ Kxf5 34.Rxh7 Bf4
35.Rxb7 g3 36.Rxa7 Re1+ 37.Kg2 Re2+ 38.Kf1 g2+ 39.Kxe2 g1=Q 40.Kd3 Qg3+ 41.Kc2 Qg2+
42.Kb3 Bc1 43.Ra5+ Ke6 44.Re5+ Kd6 45.Re8 Qxb2+ 46.Kc4 Bd2 47.Kd3 Qxc3+ 48.Ke2 Bg5  0-1

[Event "7th ch-Euro w"]
[Site "Kusadasi TUR"]
[Date "2006.04.12"]
[Round "8"]
[White "Tsiganova,M"]
[Black "Cherednichenko,S"]
[Result "0-1"]
[WhiteElo "2282"]
[BlackElo "2196"]

1.e4 d6 2.d4 Nf6 3.Nc3 e5 4.Nf3 Nbd7 5.Be3 Be7 6.h3 O-O 7.Be2 c6 8.a4 b6
9.O-O Bb7 10.Re1 a6 11.Bf1 b5 12.Bg5 Re8 13.Qd2 Qc7 14.b3 Bf8 15.dxe5 dxe5
16.Na2 Rad8 17.Qc3 Qb6 18.Rad1 c5 19.Bxf6 Nxf6 20.Rxd8 Rxd8 21.Bd3 c4 22.bxc4 Bc5
23.Re2 bxa4 24.Qxe5 Re8 25.Qa1 Nxe4 26.Nc3 Bxf2+ 27.Rxf2 Qxf2+ 28.Kh2 Nd2  0-1

[Event "CCF Easter"]
[Site "Coulsdon ENG"]
[Date "2006.04.13"]
[Round "9"]
[White "Lukman,R"]
[Black "Rudd,J"]
[Result "0-1"]
[WhiteElo "2265"]
[BlackElo "2299"]

1.e4 d6 2.d4 Nf6 3.Nc3 c6 4.f4 Qa5 5.Bd3 e5 6.dxe5 dxe5 7.fxe5 Ng4 8.h3 Nxe5
9.Nf3 Nbd7 10.O-O Nxf3+ 11.Qxf3 Ne5 12.Qg3 Be6 13.Nd5 f6 14.b4 Qd8 15.Nf4 Bf7
16.Bb2 Qc7 17.a3 O-O-O 18.Be2 Rg8 19.Qe3 b6 20.Bxe5 Qxe5 21.Nd3 Qc3 22.e5 Be7
23.Bg4+ Kb7 24.Bf3 Qxc2 25.Nf4 Qd2 26.Qe4 Qd4+ 27.Qxd4 Rxd4 28.Rac1 Bc4 29.Ne2 Bxe2
30.Bxe2 c5 31.exf6 gxf6 32.Bf3+ Kb8 33.Rfe1 Bd6 34.Red1 Rxd1+ 35.Rxd1 Kc7
36.Rc1 Re8 37.Kf2 Bf4 38.Rc4 Be3+ 39.Ke2 Bd4+ 40.Kd2 b5  0-1

[Event "XXIX Open"]
[Site "Donostia San Sebastian ESP"]
[Date "2006.04.13"]
[Round "7"]
[White "Huesmann,T"]
[Black "Argandona Rivero,I"]
[Result "1/2-1/2"]
[WhiteElo "2303"]
[BlackElo "2382"]

1.e4 d6 2.d4 Nf6 3.Nc3 e5 4.dxe5 dxe5 5.Qxd8+ Kxd8 6.Bc4 Be6 7.Bxe6 fxe6
8.Be3 Bd6 9.f3 a6 10.Nh3 Ke7 11.Nf2 Nc6 12.Ncd1 Nb4 13.Kd2 h6 14.c3 Nc6 15.Nd3 Nh5
16.N1f2 Nf4 17.g3 Ng6 18.h4 Rhf8 19.h5 Nh8 20.f4 Nf7 21.Ng4 Rad8 22.Ke2 Kd7
23.Rhf1 Kc8 24.Rf2 Rfe8 25.Raf1 Rd7 26.Rd1 Red8 27.Rff1 b6 28.b4 Kb7 29.a4 exf4
30.gxf4 Bf8 31.Bf2 Kc8 32.Bh4 Be7 33.Bxe7 Rxe7 34.Ngf2 Nd6 35.Rg1 Nc4 36.Rg6 Kb7
37.Rdg1 Rdd7 38.R1g3 Nd6 39.Kd1 Ne8 40.Kc2 Nf6  1/2-1/2

[Event "XXIX Open"]
[Site "Donostia San Sebastian ESP"]
[Date "2006.04.13"]
[Round "7"]
[White "Andres Gonzalez,I"]
[Black "Del Rey,D"]
[Result "1-0"]
[WhiteElo "2330"]
[BlackElo "2431"]

1.e4 d6 2.d4 Nf6 3.Nc3 Nbd7 4.Nf3 e5 5.Bc4 Be7 6.O-O O-O 7.Re1 c6 8.a4 a5
9.b3 h6 10.Be3 Re8 11.Qd2 Bf8 12.Rad1 Qb6 13.d5 Nc5  1-0

[Event "17th Pobeskydi Radegast Cup"]
[Site "Frydek Mistek CZE"]
[Date "2006.04.13"]
[Round "1"]
[White "Konstacky,M"]
[Black "Belunek,V"]
[Result "0-1"]
[WhiteElo "1967"]
[BlackElo "2262"]

1.e4 d6 2.d4 Nf6 3.Nc3 c6 4.f3 Nbd7 5.Be3 e5 6.Qd2 Be7 7.g4 O-O 8.O-O-O b5
9.h4 b4 10.Nb1 a5 11.h5 Ne8 12.Nh3 Nc7 13.Rg1 Ne6 14.d5 cxd5 15.exd5 Nec5
16.g5 g6 17.Nf2 Qc7 18.c3 bxc3 19.Nxc3 Nb6 20.Nfe4 Nxe4 21.fxe4 Ba6 22.hxg6 fxg6
23.Bh3 Bc8 24.Bxb6 Qxb6 25.Bxc8 Raxc8 26.Rdf1 Rf4 27.Kb1 Bxg5 28.Qd3 Rcf8
29.Rd1 Rf3 30.Qc4 Be7 31.Qc6 Qd8 32.Nb5 Rf2 33.Nc7 Qb8 34.Nb5 Rc8 35.Qd7 Rcc2
36.Rxg6+ hxg6 37.Qe6+  0-1

[Event "7th ch-Euro"]
[Site "Kusadasi TUR"]
[Date "2006.04.13"]
[Round "9"]
[White "Berg,E"]
[Black "Seeman,T"]
[Result "1-0"]
[WhiteElo "2540"]
[BlackElo "2422"]

1.e4 d6 2.d4 Nf6 3.Nc3 e5 4.Nf3 Nbd7 5.g4 Nxg4 6.Rg1 Ngf6 7.Bc4 h6 8.Be3 c6
9.dxe5 dxe5 10.Qd3 Qe7 11.O-O-O g6 12.Nh4 Rg8 13.f4 a6 14.Nf3 exf4 15.Bxf4 b5
16.e5 bxc4 17.Qxc4 Qb4 18.Qxb4 Bxb4 19.exf6 Bxc3 20.bxc3 Nxf6 21.Bxh6 Be6
22.Nd4 Nd5 23.c4 Ne7 24.Rge1 Nf5 25.Bg5 c5 26.Nxe6 fxe6 27.Rxe6+ Kf7 28.Rf6+ Kg7
29.Rd7+ Kh8 30.Rxf5  1-0

[Event "SAP IM"]
[Site "Walldorf GER"]
[Date "2006.04.13"]
[Round "1"]
[White "Gurevich,Vl"]
[Black "Miltner,A"]
[Result "1/2-1/2"]
[WhiteElo "2452"]
[BlackElo "2400"]

1.e4 d6 2.d4 Nf6 3.Nc3 e5 4.Nf3 Nbd7 5.Bc4 Be7 6.O-O O-O 7.Re1 c6 8.a4 a5
9.h3 exd4 10.Qxd4 Nc5 11.Bf4 Ne8 12.Qe3 Be6 13.Bf1 Qb6 14.Rad1 Rd8 15.b3 Nc7
16.Rd2 Rd7 17.Red1 Rfd8 18.Nd4 Ne8 19.Nde2 Nf6 20.Ng3 g6 21.Bg5 Qc7 22.Qd4 Ne8
23.Bxe7 Rxe7 24.Bc4 Bxc4 25.Qxc4 Ne6 26.Qd3 Qb6 27.Nge2 Qc5 28.Qg3 Kg7 29.Nd4 Nxd4
30.Rxd4 Re6 31.Rc4 Qh5 32.f3 Rd7 33.Ne2 Re5 34.Nf4 Qh6 35.Rcd4 Rde7 36.Nd3 Rg5
37.Qh2  1/2-1/2